Estadística general aplicada (Registro nro. 77320)

Detalles MARC
000 -ENCABEZADO
Número de control [NR] 00921nam a2200253Ia 4500
008 - DE LONGITUD FIJA DE DATOS DE ELEMENTOS - INFORMACIÓN GENERAL
Elementos de longitud fija [NR] 130821s1948 mx gr spa
040 ## - FUENTE DE CATALOGACION [NR]
Agencia de catalogación original [NR] Co-BoUCM
Idioma de catalogación [NR] spa
041 00 - CODIGO DE IDIOMA [R]
Código de idioma para texto/pista de sonido o título separado [R] Español
100 1# - ASIENTO PRINCIPAL--NOMBRE PERSONAL [NR]
Nombre personal [NR] Croxton, Frederick Emory
Fechas asociadas con el nombre [NR] 1899-1991
ID Autoridad 144988
245 10 - MENCION DE TITULO [NR]
Título [NR] Estadística general aplicada
Mención de responsabilidad, etc. [NR] Frederick E. Croxton; Dudley J. Cowden ; traducción Teodoro Ortiz y Manuel Bravo
260 ## - PUBLICACION, DISTRIBUCION, ETC. (PIE DE IMPRENTA) [R]
Lugar de publicación, distribución, etc. [R] México D.F. (México)
Nombre del editor, distribuidor, etc. [R] Fondo de Cultura Económica
Fecha de publicación, distribución, etc. [R] 1948
300 ## - DESCRIPCION FISICA [R]
Extensión [R] 710 páginas
500 ## - NOTA GENERAL [R]
Nota general [NR] Donación Dr. Alvaro Daza Roa.
650 ## - ASIENTO SECUNDARIO DE MATERIA - TERMINO TEMATICO [R]
Término temático o nombre geográfico como elemento de entrada [NR] Análisis matemático
9 (RLIN) 9008
650 ## - ASIENTO SECUNDARIO DE MATERIA - TERMINO TEMATICO [R]
Término temático o nombre geográfico como elemento de entrada [NR] Estadística
9 (RLIN) 14984
650 ## - ASIENTO SECUNDARIO DE MATERIA - TERMINO TEMATICO [R]
Término temático o nombre geográfico como elemento de entrada [NR] Matemáticas
9 (RLIN) 19031
650 ## - ASIENTO SECUNDARIO DE MATERIA - TERMINO TEMATICO [R]
Término temático o nombre geográfico como elemento de entrada [NR] Probabilidades
9 (RLIN) 22309
700 1# - ASIENTO SECUNDARIO - NOMBRE PERSONAL [R]
Nombre personal [NR] Bravo, Manuel
Término de relación [R]
9 (RLIN) 112143
700 1# - ASIENTO SECUNDARIO - NOMBRE PERSONAL [R]
Nombre personal [NR] Cowden, Dudley J.
9 (RLIN) 144989
700 1# - ASIENTO SECUNDARIO - NOMBRE PERSONAL [R]
Nombre personal [NR] Ortiz, Teodoro
Término de relación [R]
9 (RLIN) 144990
765 1# - ASIENTO DE IDIOMA ORIGINAL [R]
Título [NR] Applied General Statistics.
942 ## - ELEMENTOS DE ENTRADA AGREGADOS (KOHA)
Tipo de ítem principal el descrito en 300a Libro
Tema principal Ciencias aplicadas
Edición 1
Parte restante de la signatura top. C953e
Sistema de clasificación DEWEY
Clasificación 311
Existencias
Fecha de último préstamo Signatura topográfica Código de barras Última vez visto Ejemplar Price effective from Tipo de ítem Perdido Sistema de clasificación Dañado No prestable Tipo de ítem específico Suprimido Ubicación habitual Ubicación actual Localización Fecha de creación Forma de adquisición Costo
09/12/2011 FAD 311 C953e 100122029 09/05/2018 Ej.1 03/02/2013 Libro   DEWEY     Fondos especiales     Archivo Histórico Archivo histórico 30/09/2011 Donación 26000.00